Tribhuvan University Central Library

Sharebata karodpati (Record no. 81209)

MARC details
000 -LEADER
fixed length control field 00463nam a22001817a 4500
008 - FIXED-LENGTH DATA ELEMENTS--GENERAL INFORMATION
fixed length control field 170810b xxu||||| |||| 00| 0 eng d
020 ## - INTERNATIONAL STANDARD BOOK NUMBER
International Standard Book Number 978-9937-665-12-4
041 ## - LANGUAGE CODE
Language code of text/sound track or separate title Nep.
082 ## - DEWEY DECIMAL CLASSIFICATION NUMBER
Classification number 332.642/Bh584s
100 ## - MAIN ENTRY--PERSONAL NAME
Personal name Bhattarai, Rabindra
245 ## - TITLE STATEMENT
Title Sharebata karodpati
260 ## - PUBLICATION, DISTRIBUTION, ETC.
Place of publication, distribution, etc. Kathmandu:
Name of publisher, distributor, etc. Fineprint Books,
Date of publication, distribution, etc. 2073BS
300 ## - PHYSICAL DESCRIPTION
Extent 191p. illus
650 ## - SUBJECT ADDED ENTRY--TOPICAL TERM
Topical term or geographic name entry element Financial market
650 ## - SUBJECT ADDED ENTRY--TOPICAL TERM
Topical term or geographic name entry element Share market
650 ## - SUBJECT ADDED ENTRY--TOPICAL TERM
Topical term or geographic name entry element Shareholders
942 ## - ADDED ENTRY ELEMENTS (KOHA)
Source of classification or shelving scheme Dewey Decimal Classification
Koha item type General Collections
Holdings
Withdrawn status Lost status Source of classification or shelving scheme Damaged status Not for loan Home library Current library Shelving location Date acquired Total Checkouts Total Renewals Full call number Barcode Date last seen Date last checked out Price effective from Koha item type Date due
    Dewey Decimal Classification     Tribhuvan University Central Library Tribhuvan University Central Library New Building 08/10/2017 1 1 332.642/Bh584s 153548 03/04/2018 08/10/2017 08/10/2017 General Collections  
    Dewey Decimal Classification     Tribhuvan University Central Library Tribhuvan University Central Library   08/10/2017 6 2 332.642/Bh584s 153549 10/19/2024 09/29/2024 08/10/2017 General Collections  
    Dewey Decimal Classification     Tribhuvan University Central Library Tribhuvan University Central Library New Building 08/10/2017 8 6 332.642/Bh584s 153551 07/21/2025 07/01/2025 08/10/2017 General Collections  
    Dewey Decimal Classification     Tribhuvan University Central Library Tribhuvan University Central Library   08/10/2017 9 1 332.642/Bh584s 153550 07/31/2025 07/31/2025 08/10/2017 General Collections 08/21/2025